Gender and Genre in the Folklore of Middle India (Record no. 1848430)
[ view plain ]
| 000 -LEADER | |
|---|---|
| fixed length control field | 00508 a2200181 4500 |
| 005 - DATE AND TIME OF LATEST TRANSACTION | |
| control field | 20260428110537.0 |
| 008 - FIXED-LENGTH DATA ELEMENTS--GENERAL INFORMATION | |
| fixed length control field | 260428b |||||||| |||| 00| 0 eng d |
| 020 ## - INTERNATIONAL STANDARD BOOK NUMBER | |
| International Standard Book Number | 9781501727832 |
| 040 ## - CATALOGING SOURCE | |
| Transcribing agency | SDCL |
| 041 ## - LANGUAGE CODE | |
| Source of code | eng |
| Language code of text/sound track or separate title | eng |
| 084 ## - COLON CLASSIFICATION NUMBER | |
| Classification number | Y15.2'L N6 |
| 100 ## - MAIN ENTRY--PERSONAL NAME | |
| Personal name | Flueckiger, Joyce Burkhalter |
| 245 ## - TITLE STATEMENT | |
| Title | Gender and Genre in the Folklore of Middle India |
| 260 ## - PUBLICATION, DISTRIBUTION, ETC. | |
| Place of publication, distribution, etc. | London : |
| Name of publisher, distributor, etc. | Cornell University Press, |
| Date of publication, distribution, etc. | 1996. |
| 300 ## - PHYSICAL DESCRIPTION | |
| Extent | xxiii, 351p. |
| 490 ## - SERIES STATEMENT | |
| Series statement | Myth and poetics |
| 942 ## - ADDED ENTRY ELEMENTS (KOHA) | |
| Koha item type | Textual |
| Source of classification or shelving scheme | Colon Classification (CC) |
| 100 ## - MAIN ENTRY--PERSONAL NAME | |
| -- | 856181 |
| 999 ## - | |
| -- | 1848430 |
| -- | 1848430 |
| Withdrawn status | Lost status | Source of classification or shelving scheme | Damaged status | Not for loan | Home library | Current library | Date acquired | Source of acquisition | Cost, normal purchase price | Inventory number | Total checkouts | Full call number | Barcode | Date last seen | Cost, replacement price | Price effective from | Koha item type |
|---|---|---|---|---|---|---|---|---|---|---|---|---|---|---|---|---|---|
| Colon Classification (CC) | South Campus Library | South Campus Library | 2026-04-23 | 53 | 2011.51 | 109 & 30/12/2025 | Y15.2'L N6 | SC1691879 | 2026-04-23 | 2873.58 | 2026-04-23 | Textual |
